The Punjab gram panchayat act, 1952 (Punjab act no. IV of 1953 (Record no. 488644)

000 -LEADER
fixed length control field 00339cam a22001097a 4500
008 - FIXED-LENGTH DATA ELEMENTS--GENERAL INFORMATION
fixed length control field 180718b-- xxu||||| |||| 00| 0 eng d
082 ## - DEWEY DECIMAL CLASSIFICATION NUMBER
Classification number B71103x5433 A
100 ## - MAIN ENTRY--PERSONAL NAME
Personal name Punjab. Legislative Department
245 ## - TITLE STATEMENT
Title The Punjab gram panchayat act, 1952 (Punjab act no. IV of 1953
260 ## - PUBLICATION, DISTRIBUTION, ETC.
Place of publication, distribution, etc. Chandigarh
Name of publisher, distributor, etc. The author
Date of publication, distribution, etc. --
500 ## - GENERAL NOTE
General note Library has 1960
Holdings
Withdrawn status Lost status Damaged status Not for loan Permanent Location Current Location Date acquired Full call number Barcode Date last seen Price effective from Koha item type
        Indian Institute of Public Administration Indian Institute of Public Administration 2018-08-04 B71103x5433 A G2574 2018-08-04 2018-08-04 G

Powered by Koha